Culture Générale - Série 2299 - Statistiques

Statistiques générales
  • Ce quiz a été pris 124 fois
  • Le résultat moyen est 4 sur 10
Statistiques - réponses
Question Réponse % Correct
Technique d'anesthésie courante lors des accouchements - 10 lettres commençant par " p " péridurale
87%
Quelle plante est le symbole de l'Irlande ? trèfle
86%
Quel élément chimique a pour symbole "Na" ? sodium
79%
Quel est l'acteur principal dans les films "Greystoke, la légende de Tarzan" et "Highlander" ? prénom et nom Christophe Lambert
51%
Qu'est-ce que le foehn ? vent
51%
Etoffe de laine à carreaux de couleurs, typique des peuples celtes - 6 lettres commençant par " t " tartan
36%
Dans le film "Les parfums" réalisé en 2019 par Grégory Magne, qui interprète Anne Walberg ? prénom et nom - voir photo Emmanuelle Devos
17%
Quel chanteur français décédé en 2009 a donné son nom à un square du 18° arrondissement de Paris en 2012 ? prénom et nom Alain Bashung
15%
Quelle est la monnaie du Cap Vert ? escudo
15%
Repas en commun des premiers chrétiens - 5 lettres commençant par " a " agape
8%
Aucun quiz correspondant
Distribution des résultats
% des personnes avec chaque résultat
Percentile par nombre de réponses
Votre historique - résultats
Vous n’avez pas pris ce quiz